Foundations of game theory : noncooperative games /
Guardado en:
| Autor Principal: | |
|---|---|
| Formato: | Libro |
| Idioma: | English Russian |
| Publicado: |
Basel :
Birkhäuser,
1994.
|
| Materias: | |
| Etiquetas: |
Agregar Etiqueta
Sin Etiquetas, Sea el primero en etiquetar este registro!
|
| LEADER | 01098pam a2200265 a 4500 | ||
|---|---|---|---|
| 001 | MAT.inmabb003561 | ||
| 008 | 940412s1994####sz#a#####b####001#0#eng## | ||
| 005 | 20130313154229.0 | ||
| 245 | 1 | 0 | |a Foundations of game theory : |b noncooperative games / |c Nicolai N. Vorob'ev ; translated from the Russian by Ralph P. Boas. |
| 260 | |a Basel : |b Birkhäuser, |c 1994. | ||
| 300 | |a vi, 496 p. : |b il. ; |c 25 cm. | ||
| 500 | |a Traducción de: Osnovy teorii igr. Beskoalitsionnye igry. Moskva : "Nauka", 1984. | ||
| 504 | |a Incluye referencias bibliográficas (p. [457]-484) e índices. | ||
| 505 | 0 | |a 1. Noncooperative games -- 2. Finite noncooperative games -- 3. Two-person zero-sum games -- 4. Matrix games. | |
| 510 | 4 | |a MR, |c 95i:90002 | |
| 020 | |a 3764323787 | ||
| 020 | |a 0817623787 (Boston) | ||
| 100 | 1 | |a Vorob'ev, N. N. |q (Nikolai Nikolaevich), |d 1925- | |
| 240 | 1 | 0 | |a Osnovy teorii igr. |l Inglés |
| 650 | 0 | |a Noncooperative games (Mathematics) | |
| 084 | |a 91-01 (91-02 91A10) |2 msc2000 | ||
| 010 | |a 94016905 | ||
| 040 | |a DLC |c DLC |d DLC | ||
| 041 | 1 | |a eng |h rus | |
| 859 | |h 91 |i V954 |p A-7018 |b BIB. MATEMATICA | ||
